| 000 | 00573nam a2200181Ia 4500 | ||
|---|---|---|---|
| 003 | GCL | ||
| 008 | 140319s9999 xx 000 0 ara d | ||
| 040 |
_aGCL / _cGCL |
||
| 082 | 0 | 4 |
_a410 _bح م |
| 100 | 1 | _aحلمى خليل | |
| 245 | 1 | 0 |
_aالمولد فى العربية : دراسة فى نمو اللغة العربية وتطورها بعد الاسلام / _cحلمى خليل |
| 300 | _a826 ص | ||
| 490 | _a | ||
| 650 | 0 | 4 | _aاللغة العربية |
| 650 | 0 | 4 | _aالنحو العربى |
| 650 | 0 | 4 | _aاللغة العربية - تاريخ |
| 942 |
_2ddc _cBK |
||
| 999 |
_c45253 _d45253 |
||